000 01495nam a22002537a 4500
005 20120618123146.0
010 _aB-456296-300
020 _a9788178241234
_c695.00
035 _aB-456296-300
037 _adpl
_bK.K. Pub /Ven
082 _a954
100 _aYasmin ,Sakia
_949466
245 _aAssam and India
_b; Kragmented memories, cultural identity and the Tai-Ahom Struggle /
_cby Yasmin sakia
260 _aDelhi
_bPermanent black
_c2005
270 _aD-28 Oxford apartment 11 I p extention
_bDelhi
300 _avi,319pgs
_c22cm
942 _2ddc
_cEN
_mYAS
_h954
999 _c68054
_d68054